Điều kiện tối ưu cho bài toán bất đẳng thức biến phân : Luận văn tốt nghiệp Cao học. Chuyên ngành Toán giải tích

Khảo sát tinh chất của lưới vi phân Clarke, Jacobian suy rộng Clarke; Nghiên cứu các điều kiện cần và đủ tối ưu cho các dạng nghiệm khác nhau của bài toán bất đẳng thức biến phân như nghiệm hữu hiệu, nghiệm hữu hiệu yếu và nghiệm xấp xỉ...

Πλήρης περιγραφή

Αποθηκεύτηκε σε:
Λεπτομέρειες βιβλιογραφικής εγγραφής
Κύριος συγγραφέας: Lê, Văn Nhữ
Μορφή: Βιβλίο
Γλώσσα:Undetermined
Έκδοση: Cần Thơ Trường Đại học Cần Thơ 2015
Θέματα:
Ετικέτες: Προσθήκη ετικέτας
Δεν υπάρχουν, Καταχωρήστε ετικέτα πρώτοι!
Thư viện lưu trữ: Trung tâm Học liệu Trường Đại học Cần Thơ
LEADER 01164nam a2200217Ia 4500
001 CTU_211796
008 210402s9999 xx 000 0 und d
082 |a 515.7 
082 |b Nh550 
088 |a 60460102 
100 |a Lê, Văn Nhữ 
245 0 |a Điều kiện tối ưu cho bài toán bất đẳng thức biến phân : 
245 0 |b Luận văn tốt nghiệp Cao học. Chuyên ngành Toán giải tích 
245 0 |c Lê Văn Nhữ ; Lê Thanh Tùng (Cán bộ hướng dẫn) 
260 |a Cần Thơ 
260 |b Trường Đại học Cần Thơ 
260 |c 2015 
520 |a Khảo sát tinh chất của lưới vi phân Clarke, Jacobian suy rộng Clarke; Nghiên cứu các điều kiện cần và đủ tối ưu cho các dạng nghiệm khác nhau của bài toán bất đẳng thức biến phân như nghiệm hữu hiệu, nghiệm hữu hiệu yếu và nghiệm xấp xỉ 
650 |a Toán giải tích,Mathematical analysis 
904 |i Nguyên 
980 |a Trung tâm Học liệu Trường Đại học Cần Thơ